Statistics for Scottish Premiership Winners

Click here to take the quiz!

General Stats

  • This quiz has been taken 26 times
  • The average score is 120 of 126

Answer Stats

SeasonWinner% Correct
1892-1893 | 1893-1894 | 1895-1896 | +49 othersCeltic
100%
1890-1891 | 1898-1899 | 1899-1900 | +52 othersRangers
100%
1954-1955 | 1979-1980 | 1983-1984 | 1984-1985Aberdeen
91%
1894-1895 | 1896-1897 | 1957-1958 | 1959-1960Heart of Midlothian
83%
1961-1962Dundee
78%
1982-1983Dundee United
78%
1902-1903 | 1947-1948 | 1950-1951 | 1951-1952Hibernian
70%
1964-1965Kilmarnock
61%
1931-1932Motherwell
52%
1903-1904Third Lanark
30%
1890-1891 | 1891-1892Dumbarton
17%

Score Distribution

Percentile by Number Answered

Percent of People with Each Score

Your Score History

You have not taken this quiz